| 000 | 00873nam a2200265Ia 4500 | ||
|---|---|---|---|
| 003 | OSt | ||
| 005 | 20220930185234.0 | ||
| 006 | a|||||r|||| 00| 0 | ||
| 007 | ta | ||
| 008 | 220926b |||||||| |||| 00| 0 eng d | ||
| 020 |
_a9780745327846 (pbk) _c1265.77 |
||
| 024 | _a1331 | ||
| 037 |
_b08-4676, 30/01/2009, Atlantic Publisher & Dist. Pvt Ltd. _cTextbook |
||
| 040 |
_aCRL _cCRL _beng |
||
| 041 |
_2eng _aeng |
||
| 082 | _aW:5.591, P8 | ||
| 100 |
_aYildiz Kerim _9147421 |
||
| 245 | 0 |
_aEuropean union and Turkish accession _b Human rights and the kurds |
|
| 260 |
_aLondon _bPluto Press UK _c2008 |
||
| 300 |
_axvii,239p. _ccm. |
||
| 650 | _aPOLITICAL SCIENCE | ||
| 700 |
_a Muller Mark _9557766 |
||
| 942 |
_hW:5.591, P8 _cTB _2CC |
||
| 999 |
_c889801 _d889801 |
||